000 00367nam a2200145Ia 4500
008 230711s9999||||xx |||||||||||||| ||und||
041 _aENG
082 _a720
_bBU-A
100 _aBies,John D.
245 4 _aThe architectural and building drafting
250 _a1st . Ed.
260 _c1990
_aNew York
_bVan Nostrand Reinhold Co.
650 _aArchitecture
942 _cBK
999 _c473
_d473